1645 1941 1718 1143 1463 1564 1575 1687 1615 1101 1189 1154 1588 1214 1499 1762 1290 1734 1411 1873 1304 1881 1940 1401 1864 1271 1098 1354 1414 1052 1926 1056 1516 1222 1668 1801 1532 1851 1249 1025 1755 1166 1722 1539 1089 1048 1405 1230 1896 1848 1547 1536 1329 1550 1639 1691 1873 1247 1378 1730 1378 1482 1885 1704 1164 1344 1199 1791 1267 1106 1917 1301 1655 1383 1334 1500 1892 1495 1695 1557 1751 1571 1782 1479 1702 1956 1383 1406 1805 1071 1903 1852 1555 1570 1546 1108 1028 1247 1039 BCNSPRNW ULIB Ver.6.0+V

เปลี่ยนเป็นภาษาไทย

Change to English
 แสดงรายละเอียดบรรณานุกรม
  กลับหน้าหลัก

Brief Record : Get Marc (ISO 2709) : E-mail record : QR code < ปิดหน้าต่าง
LEADER : 00000nam 2200000uu 4500
001    13399128675
003     ULIB
008    230928s||||||||th 000 0 tha d
020    ^a8856652048370
060    ^aWS440^bป541น
100    ^aป้านกใหญ่
245    ^aนิทานเสริมสร้างทักษะในการใช้ชีวิต สอนให้เด็กมีความมั่นใจ และเกิดพัฒนาการตามวัยอย่างเหมาะสม หนูทำเอง หนูเก่งจัง : Do it By Yourseif, You Are Good
250    ^aพิมพ์ครั้งที่ 1
260    ^aกรุงเทพฯ :^bบริษัท วรรณาพับลิชชิ่ง จำกัด,^cม.ป.ป.
300    ^a24 หน้า;^c19 ซม.
650    ^aนิทานเด็ก
650    ^aเด็ก-พัฒนาการ
945    ^p50^l0^i30047
999    ^aกัณชพร จุลอักษร
รายการนี้ยังไม่มีแท็ก
คุณยังไม่ได้ล็อกอิน คุณสามารถมีกิจกรรมร่วมกับเว็บไซต์ได้ แต่ต้องล็อกอินก่อน ::
  ล็อกอิน

รายการสื่อสารสนเทศ

ลำดับที่ ประเภท เลขเรียก/บาร์โค้ด สถานที่ สถานะ
1. วิทยาศาสตร์การแพทย์ และสุขภาพ
วิทยาศาสตร์การแพทย์ และสุขภาพ
WS440 ป541น ฉ.1 
  Barcode: 30047
ห้องสมุดวิทยาเขตนครสวรรค์
►หนังสือทั่วไป:l:General Books
บนชั้น

รายการใกล้เคียง
    ชื่อเรื่อง [นิทานเสริมสร้างทักษะในการใช้ชีวิต สอนให้เด็กมีความมั่นใจ และเกิดพัฒนาการตามวัยอย่างเหมาะสม หนูทำเอง หนูเก่งจัง : Do it By Yourseif, You Are Good]

    ผู้แต่ง [ป้านกใหญ่]

    หัวเรื่อง [นิทานเด็ก]
    หัวเรื่อง [เด็ก-พัฒนาการ]

BibComment


ยังไม่เคยถูกคอมเมนท์

คอมเมนท์ทรัพยากรรายการนี้
  คอมเมนท์: นิทานเสริมสร้างท..


 Copyright 2026. Bcnsprnw @Library